000 01236nam a2200361Ia 4500
001 dia_5624
003 CHAP
005 20240213134307.0
007 ta
008 220117s1997 mx bd fr 001 0 spa d
040 _cCHAP
_amxchpua
090 _aT.C.229
_bS26 SAI
_c1997
245 1 0 _aReporte del viaje de estudios a Ensenada, Baja California :
_bsistema hortalizas /
_ccoordinador Armando Santos Moreno ; colaboradores Ubando Aguilar Hernández...[et al.]
260 _aMéxico :
_bEl autor,
_c1997
300 _a42 hojas :
_bgráficas, tablas
336 _2rdacontent
_atexto
_btxt
337 _2rdamedia
_asin medio
_bn
338 _2rdacarrier
_avolumen
_bnc
500 _a6° año
502 _aViaje de Estudios
_b(SAI) --
_cUACh. Departamento de Ingeniería Agroindustrial,
_d1997
504 _aBibliografía: hoja 42
650 1 3 _aHortalizas
_9150602
650 1 3 _aVegetables
_9151359
700 1 _aSantos Moreno, Armando
_9147701
_ecoordinador
700 1 _aAguilar Hernández, Ubando
_9159180
_ecolaborador
901 _aT.C.229 S26 SAI 1997
902 _aM
905 _a5332271997 mx nm 8223123322spa16
942 _2local
942 _cVE
999 _c176603
_d176603